000 00267nam a22001217a 4500
008 170324b xxu||||| |||| 00| 0 eng d
041 _aeng
080 _23RD
_a615.83
100 _a8
101 _aSHM
245 _aPHYSICAL EDUCATION
_cOBERTEUFFER, D
942 _2udc
_cBK
999 _c8615
_d8615